Marine auxiliary machinery / (Record no. 4034)

000 -LEADER
fixed length control field 00376nam a22001337a 4500
008 - FIXED-LENGTH DATA ELEMENTS--GENERAL INFORMATION
fixed length control field 200713b ||||| |||| 00| 0 eng d
082 00 - DEWEY DECIMAL CLASSIFICATION NUMBER
Edition number 23rd.
Classification number 620.1
Item number S6421
100 ## - MAIN ENTRY--PERSONAL NAME
9 (RLIN) 1573
Personal name Smith, David W.
245 10 - TITLE STATEMENT
Title Marine auxiliary machinery /
260 ## - PUBLICATION, DISTRIBUTION, ETC. (IMPRINT)
Place of publication, distribution, etc New-York:
Name of publisher, distributor, etc McGraw-Hill,
Date of publication, distribution, etc 1961.
300 ## - PHYSICAL DESCRIPTION
Extent xiv, 657 p.
650 #0 - SUBJECT ADDED ENTRY--TOPICAL TERM
Topical term or geographic name as entry element Marine Engineering
942 ## - ADDED ENTRY ELEMENTS (KOHA)
Item type Books
Holdings
Withdrawn status Lost status Source of classification or shelving scheme Damaged status Not for loan Permanent location Current location Date acquired Full call number Barcode Date last seen Koha item type
          IMU Kolkata IMU Kolkata 2020-07-13 620.1 S6421 08004 2020-07-13 Books
Designed and Maintained by IMU-KC Library, Kolkata Campus © Copyright All Rights Reserved

webs counters

Powered by Koha